20 Films avec Tom Hawks (Mort subite) - Statistiques

Statistiques générales
  • Ce quiz a été pris 703 fois
  • Le résultat moyen est 9 sur 20
Answers on the Grid
Answers color-coded by a green-red scale on the quiz's grid according to % correct below.
Apollo 13
Arrête-moi si tu peux
Big
Cloud Atlas
Da Vinci Code
Extrêmement fort et incroyablement près
Forrest Gump
Il faut sauver le Soldat Ryan
La Ligne Verte
Le Bûcher des Vanités
Le Pire Voisin au Monde
Le Terminal
Les Sentiers de la perdition
Nuits Blanches à Seattle
Phliadelphia
Seul au Monde
Splash
Sully
Turner et Hooch
Une Equipe hors du commun
Sixième Sens
Mon Voisin le Tueur
Titanic
Tango et Cash
Seul sur Mars
Les évadés
Pulp Fiction
Orange Mécanique
Once upon a time in Hollywood
Avatar
Les Ailes de l'Enfer
The Revenant
La Plage
Gladiator
Eternal Sunshine of the Spotless Mind
Matrix
Zodiac
Seven
The Big Lebowski
Speed
 
Statistiques - réponses
Réponse % Correct
Forrest Gump
83%
Il faut sauver le Soldat Ryan
76%
La Ligne Verte
76%
Seul au Monde
65%
Da Vinci Code
63%
Le Terminal
59%
Arrête-moi si tu peux
56%
Phliadelphia
56%
Sully
54%
Apollo 13
44%
Big
37%
Le Pire Voisin au Monde
37%
Nuits Blanches à Seattle
33%
Turner et Hooch
25%
Les Sentiers de la perdition
23%
Cloud Atlas
21%
Splash
20%
Extrêmement fort et incroyablement près
17%
Une Equipe hors du commun
17%
Le Bûcher des Vanités
16%
Aucun quiz correspondant
Distribution des résultats
% des personnes avec chaque résultat
Percentile par nombre de réponses
Votre historique - résultats
Vous n’avez pas pris ce quiz